000 01333nam a2200265 a 4500
008 120416s1983 ||||||||||||||||| || u
020 _a9027715890
050 _aHD 9502 Man
100 _aNeu, H., 1920-
245 1 0 _aNational energy planning and management in developing countries : lectures delivered at a Management Training Seminar held at the Joint Research Centre, Ispra, Italy, May 3-14, 1982 /
_cedited by H. Neu
246 _aManagement Training Seminar
260 _aDordrecht
_bD. Reidel Sold and distributed in the U.S.A. and Canada by Kluwer Boston
_c1983
300 _axiii, 442p. : ill.
350 _a0.00
490 _aIspra courses on energy systems and technology
500 _aIncludes bibliographical references.
650 _aENERGY POLICY--DEVELOPING COUNTRIES--CONGRESSES
650 _aRESOURCES
650 _aENERGY CONSUMPTION--DEVELOPING COUNTRIES--MANAGEMENT--CONGRESSES
650 _aENERGY CONSUMPTION--DEVELOPING COUNTRIES--PLANNING--CONGRESSES
650 _aPOWER RESOURCES--DEVELOPING COUNTRIES--CONGRESSES
700 _aBain, D., 1944-
710 _aManagement Training Seminar (1982 : Joint Research Centre, Ispra, Italy)
995 _D0.00
_FCBU-MAIN LIBRARY (Kitwe)
_H1
_I0.00
_M1
_UAVAILABLE
_ZMain Library Open Access Collection
999 _c51937
_d51937